MDQL
is popping MORE tags! Check the
thread
!
Quizzes
Events
Quiz Creation
Community
Videos
Private Events
Remove Ads
Sign In
Join for FREE
Feedback
Dark Mode
Quiz Categories
Sports
Geography
Music
Movies
Television
Just For Fun
Miscellaneous
History
Literature
Language
Science
Gaming
Entertainment
Religion
Holiday
For Kids
Quiz Lab
Recent
Popular Today
Quiz Kudos Today
Editor Picks
Curator Picks
Quizzes by...
Day
Popularity
Type
Ratings
Length
Year
Community
Subscriptions
Recent Discussions
Orange Saloon
Badges
Playlists
Quests
Create
Leaderboards
Showdown
Live 5
Trivia Bingo
Activity
Puzzle Library
Sporcle Events
Private Events
Virtual Trivia
Globe League
Become a Host
Pub Owners
SporcleCon
Opinionation
Our Games
Videos
Blog
Mobile Apps
Partnerships
Remove Ads and Go Orange
Feedback
Gaming
Video Games
Board Games
Card Games
Pokémon
Mario
Nintendo
Minecraft
Console
Toys
Legend of Zelda
Gaming
Video Games
Board Games
Card Games
Pokémon
Mario
Nintendo
Minecraft
Console
Toys
Legend of Zelda
Random Quiz
Search Sporcle
×
Quiz Lab
Quiz Lab
Gaming
Cars
Type in answers that appear in a list
Type in answers that appear in a list
Classic
Best Score? Go Orange.
Need for Speed Undercover Cars Stats
Can you name the cars on Need for Speed Undercover?
By
CarlandAlex
15m
60 Questions
277 Plays
277 Plays
277 Plays
Comments
Comments
Give Quiz Kudos
Give Quiz Kudos
-
- Ratings
hide this ad
Replay
Link that replays current quiz
Next Quiz
Link to next quiz in quiz playlist
You Got
0%
They Got
Avg Score
56%
Avg Friend Score
Upgrade to see
Score Distribution
Jump to the score distribution portion of the page
Score
0/60
Timer
15:00
0
Plays Today
Make
Model
% Correct
Ford
GT
93.5%
Ford
Mustang
84.8%
Lamborghini
Gallardo
79.7%
Mazda
RX-8
79.3%
BMW
M3
77.9%
Chevy
Camaro
77.5%
Mazda
RX-7
77.2%
Bugatti
Veyron
77.2%
Dodge
Charger RT
75.4%
Audi
R8
75.4%
Pagani
Zonda
74.3%
Volkswagen
Golf
73.9%
Dodge
Challenger
72.8%
Nissan
Skyline
72.8%
Lotus
Elise
72.5%
Nissan
GT-R
72.1%
Toyota
Supra
71.7%
Shelby
GT500
71%
Mitsubishi
Lancer
70.7%
Koenigsegg
CCX
70.7%
Aston Martin
DB9
69.6%
Mclaren
F1
69.2%
Audi
TT
67.8%
Pontiac
GTO
67.4%
Porsche
Carrera
65.6%
Dodge
Viper SRT10
61.2%
Renault
Clio
60.1%
Nissan
350Z
59.1%
BMW
M6
58%
Nissan
370Z
57.6%
Make
Model
% Correct
Mitsubishi
Eclipse
56.5%
Porsche
Cayman
56.2%
Ford
Focus
53.3%
Nissan
240SX
52.2%
Chrysler
300
52.2%
Infiniti
G35
50.7%
Porsche
911 Turbo
50.4%
Cadillac
CTS-V
49.3%
Mercedes
SLR Mclaren
48.9%
Audi
RS 4
47.1%
Audi
S5
47.1%
Porsche
911 GT3 RS
46%
Plymouth
Barracuda
44.6%
Chevy
Camaro SS
44.2%
Chevy
Corvette Z06
44.2%
Chevy
Chevelle
43.8%
BMW
Z4
42.8%
Nissan
Silvia
42.4%
Volkswagon
Scirocco
40.6%
Lexus
IS-F
39.9%
Ford
Escort
38.4%
Pontiac
Solstice
38%
Chevy
Corvette Stingray
36.2%
Lamborghini
Murcielago LP640
35.9%
Mazda
Speed 3
32.2%
Shelby
GT500KR
32.2%
Mercedes
CLK 500
31.2%
Mercedes
SL 65 AMG
29.7%
Mercedes
CLS 63 AMG
23.6%
Renault
Magane
14.5%
Quiz Playlist
Details
Report
Send in Message
Add To Playlist
Classic:
Type in answers that appear in a list
Quiz Source
Last Updated: Feb 16, 2017
Quiz Scoreboard
CHALLENGE
Sign Up to Join the Scoreboard
Show All
Scores
Hide
Comments
May contain spoilers
Recently Published
Colored Red Africa Blitz
by spor1
Geography
30s
Find the 'City' Movie
by crazypaving
Movies
60s
5x2 Blitz: Bands
by SL_Kpop136
Music
30s
More to Explore
Quiz From the Vault
Featured Blog Post
14 Easter Pick-up Lines to Find Eggs With
hide this ad
You Might Also Like...
Tags
Cars Quiz
car
model
Speed
Wii
Today's Top Quizzes in Gaming
Browse Gaming
hide this ad
Today's Top Quizzes in Cars
Browse Cars
Top Contributed Quizzes in Gaming
1
League of Legends Pro Players by Career/Team History
2
Destiny 2 exotic weapons by perk icons
3
Genshin murder mystery
4
Dead By Daylight Logic Puzzle
5
Genshin Impact Logic Puzzle
6
Valorant Agent Developer Names (Up to Clove)
7
Overwatch 2: Ultimate Ability Icons
8
4x4 Decades: Video Games
9
Who's on the WWE 2K24 Cover?
10
Undertale Logic Puzzle
Explore More
Trending Topics
Harry Potter
Kpop
Marvel
NBA
Anime
Crossword
Disney
NFL
The Office
WWE
Puzzle
Soccer
Pokémon
Country
Song
hide this ad
More By:
CarlandAlex
Quiz
Plays
Rating
Category
Featured
Created
Minnesota Twins Facts
468
2.33
Sports
Jun 1, 2010
Corvette ZR1 Specs
445
5.00
Miscellaneous
May 2, 2010
Need for Speed Undercover Cars
277
2.67
Gaming
May 1, 2010
Minnesota Twins that hit for the cycle
235
3.00
Sports
May 11, 2010
Minnesota Twins Opening Day Roster
178
5.00
Sports
Apr 29, 2010
Go to Creator's Profile
Score Distribution
Quiz Creator Spotlight
CarlandAlex
Follow
Send a Message
Quizzes Created
-
Created Quiz Play Count
-
More By This Creator
Popular Quizzes Today
1
Colored Red Africa Blitz
2
Find the US States - No Outlines Minefield
3
Find the 'City' Movie
4
5x2 Blitz: Bands
5
The Countries of the World
6
Find the US States
7
Find the Countries of Europe - No Outlines Minefield
8
US States
More Gaming Quizzes
Genshin Characters by their Job/Duty (2.8) Part 1
Quiz Lab
Trending Quizzes
Colored Red Europe Blitz I
Colored Red Europe Blitz II
Colored Red Africa Blitz II
Colored Red Europe Blitz III
Colored Red Africa Blitz III
Recently Updated
How Do You Spell That?
pecheneg
Godzilla Movies
pecheneg
Grab Bag: 4-10 Letters
pecheneg
2024 March Madness Bracket
pecheneg
Famous TV Couples
Peacemaker
Champions League XIs: Real Madrid
pecheneg
Largest US Cities 1790-2010
pecheneg
Rides in Walt Disney World
pecheneg
Most Oscar Losses (Acting)
pecheneg
Beyoncé Albums
pecheneg
Trending Topics
Kpop
Harry Potter
Marvel
Anime
Crossword
NBA
Disney
NFL
Soccer
Song
Pokémon
Puzzle
Country
WWE
The Office
Your Account Isn't Verified!
In order to create a playlist on Sporcle, you need to verify the email address you used during registration. Go to your
Sporcle Settings
to finish the process.
Report this User
Report this user for behavior that violates our
Community Guidelines
.
Details:
Send Report
Go to the Sporcle.com Mobile Site →
Comments